00668nam a2200241 a 4500001001300000003000900013005001700022008004100039020000800080082001600088100001700104245001600121260005400137300000800191500003500199505001700234650001800251700001700269902000800286942000700294952011200301999001300413nice12345678IN_TiNIC20260116011341.0050524s1932 hyda grp 000 0 eng  ac000a297.52bVAN aVanderman, M aHow to Play aHyderabad bMarkazi Anjuman Taleemus Salat c1932 a44p aincludes index and biblioraphy2 aIndex, Illus aIslam-Prayers1 aVanderman, M bSRS cBK 001040708StackRoom-aHMIbHMId2005-05-24g0.00l0o297.52 VANp01549r2005-05-24v0.00w2005-05-24yBK c746d746